[Event "COL-ch U20"]
[Site "Bogota"]
[Date "2025.02.01"]
[Round "7"]
[White "Soler Gonzalez, Juan Fernando"]
[Black "Gutierrez Pama, Andres Mauricio"]
[Result "1/2-1/2"]
[WhiteElo "1980"]
[BlackElo "1729"]
[PlyCount "62"]
[EventDate "2025.01.29"]
[EventType "tourn"]
[EventRounds "9"]
[EventCountry "COL"]
[SourceTitle "CB06_2025"]
[SourceDate "2025.02.05"]
[SourceVersion "1"]
[SourceVersionDate "2025.02.05"]
[SourceQuality "1"]

1. e4 c5 2. Nf3 e6 3. c4 Nc6 4. d4 cxd4 5. Nxd4 Nf6 6. Nc3 Bb4 7. Qd3 d5 8. exd5 exd5 9. Be2 0-0 10. Nxc6 bxc6 11. 0-0 Ba6 12. Qg3 Bd6 13. Qh4 d4 14. Ne4 Nxe4 15. Qxe4 c5 16. Qc2 Bb7 17. Bd3 h6 18. Bd2 Re8 19. f4 Qc7 20. Rf2 Re7 21. Rc1 Rae8 22. b4 Be4 23. bxc5 Bxc5 24. f5 f6 25. Bf4 Qc6 26. h3 Qc8 27. Bd2 Qc7 28. Bf4 Qd7 29. Bd2 Qc7 30. Bf4 Qc6 31. Bd2 Qc7 1/2-1/2

[Event "COL-ch U20"]
[Site "Bogota"]
[Date "2025.01.31"]
[Round "5"]
[White "Cordoba Roa, Angel Gabriel"]
[Black "Soler Gonzalez, Juan Fernando"]
[Result "1-0"]
[WhiteElo "2358"]
[BlackElo "1980"]
[PlyCount "101"]
[EventDate "2025.01.29"]
[EventType "tourn"]
[EventRounds "9"]
[EventCountry "COL"]
[SourceTitle "CB06_2025"]
[SourceDate "2025.02.05"]
[SourceVersion "1"]
[SourceVersionDate "2025.02.05"]
[SourceQuality "1"]

1. e4 e6 2. d4 d5 3. Nc3 Bb4 4. e5 c5 5. a3 Bxc3+ 6. bxc3 Ne7 7. Qg4 0-0 8. Bd3 Nbc6 9. Bg5 Qa5 10. Ne2 Ng6 11. 0-0 Qa4 12. f4 c4 13. Bxg6 fxg6 14. Ra2 Qa5 15. h4 Qc7 16. h5 gxh5 17. Qxh5 Qf7 18. Qf3 Ne7 19. Bxe7 Qxe7 20. Qh3 Bd7 21. Rf2 Rf7 22. Ra1 Raf8 23. a4 b6 24. g3 Kh8 25. Kg2 g5 26. a5 b5 27. Raf1 Rg8 28. fxg5 Rxf2+ 29. Rxf2 Rxg5 30. Rf6 b4 31. cxb4 Qxb4 32. Qh6 Rg7 33. Nf4 Qd2+ 34. Kh3 Kg8 35. Rf8+ Kxf8 36. Ng6+ hxg6 37. Qxd2 Be8 38. Qb4+ Re7 39. a6 Kf7 40. c3 Bd7 41. Qb7 Ba4 42. Kh4 Bc2 43. Kg5 Be4 44. Qc8 Re8 45. Qd7+ Re7 46. Qd8 Bc2 47. Qh8 Be4 48. g4 Bd3 49. Kh6 Be4 50. Qg7+ Ke8 51. Qg8+ 1-0

[Event "COL-ch U20"]
[Site "Bogota"]
[Date "2025.01.30"]
[Round "2"]
[White "Cuello Garcia, Richard Orlando"]
[Black "Soler Gonzalez, Juan Fernando"]
[Result "0-1"]
[WhiteElo "1757"]
[BlackElo "1980"]
[PlyCount "50"]
[EventDate "2025.01.29"]
[EventType "tourn"]
[EventRounds "9"]
[EventCountry "COL"]
[SourceTitle "CB06_2025"]
[SourceDate "2025.02.05"]
[SourceVersion "1"]
[SourceVersionDate "2025.02.05"]
[SourceQuality "1"]

1. e4 e6 2. d4 d5 3. Nc3 Bb4 4. Nge2 dxe4 5. a3 Be7 6. Nxe4 Nf6 7. Nxf6+ Bxf6 8. Be3 0-0 9. Qd2 b6 10. 0-0-0 Bb7 11. Kb1 Nd7 12. f3 Qc8 13. Ng3 c5 14. Nh5 c4 15. Qb4 Bd5 16. Nxf6+ Nxf6 17. Be2 Qc6 18. Bf4 a5 19. Qd6 Qb7 20. Qc7 Qa6 21. b3 Rfc8 22. Qe5 b5 23. Qe3 Bb7 24. Rc1 Nd5 25. Qd2 c3 0-1

[Event "COL-ch U20"]
[Site "Bogota"]
[Date "2025.01.30"]
[Round "3"]
[White "Soler Gonzalez, Juan Fernando"]
[Black "Caballero Marrugo, David Jose"]
[Result "1-0"]
[WhiteElo "1980"]
[BlackElo "2148"]
[PlyCount "95"]
[EventDate "2025.01.29"]
[EventType "tourn"]
[EventRounds "9"]
[EventCountry "COL"]
[SourceTitle "CB06_2025"]
[SourceDate "2025.02.05"]
[SourceVersion "1"]
[SourceVersionDate "2025.02.05"]
[SourceQuality "1"]

1. e4 g6 2. d4 Bg7 3. c4 d6 4. Nc3 Nf6 5. Nf3 c5 6. d5 0-0 7. Be2 a6 8. 0-0 Nbd7 9. h3 Rb8 10. a4 Ne8 11. Qc2 e5 12. dxe6 fxe6 13. Ng5 Ne5 14. f4 Nc6 15. Qd3 Nd4 16. Be3 Qb6 17. Rab1 Qb3 18. Bd1 Qb4 19. Bd2 Qb6 20. Kh1 Qc7 21. Nf3 Bd7 22. Nxd4 cxd4 23. Ne2 e5 24. a5 Nf6 25. Rc1 b6 26. axb6 Qxb6 27. b4 Qb7 28. Ng3 Bc6 29. Bf3 Kh8 30. Rce1 h5 31. h4 Qe7 32. f5 Nh7 33. Kg1 Qxh4 34. Bd1 Ng5 35. fxg6 Rxf1+ 36. Rxf1 Bxe4 37. Nxe4 Nxe4 38. Be1 Nf2 39. Rxf2 e4 40. Qf1 Qg5 41. Rf5 Qxg6 42. Bxh5 Qh7 43. Bf7 Bh6 44. Rh5 Kg7 45. Bh4 Be3+ 46. Kh2 Qxh5 47. Bxh5 Rf8 48. Qe2 1-0

[Event "Bucaramanga Santander-ch"]
[Site "Bucaramanga"]
[Date "2024.11.01"]
[Round "6"]
[White "Sequeda Ramirez, Pablo"]
[Black "Soler Gonzalez, Juan Fernando"]
[Result "0-1"]
[WhiteElo "1991"]
[BlackElo "1956"]
[PlyCount "48"]
[EventDate "2024.10.29"]
[EventType "swiss"]
[EventRounds "9"]
[EventCountry "COL"]
[SourceTitle "CB45_2024"]
[Source "ChessBase"]
[SourceDate "2024.11.06"]
[SourceVersion "1"]
[SourceVersionDate "2024.11.06"]
[SourceQuality "1"]

1. c4 b6 2. Nc3 Bb7 3. d4 e6 4. a3 f5 5. d5 exd5 6. cxd5 Nf6 7. Qd3 Bd6 8. Qxf5 0-0 9. Qd3 Be5 10. Bg5 Na6 11. 0-0-0 Nc5 12. Qc2 Bxc3 13. bxc3 Nce4 14. Bh4 Qe7 15. Kb2 Qc5 16. f3 Nxd5 17. Qb3 Kh8 18. Nh3 Ne3 19. Rd4 Nd6 20. Bf2 Bd5 21. Rxd5 Nec4+ 22. Kc1 Qxd5 23. Bd4 c5 24. e4 Qe6 0-1

[Event "Bucaramanga Santander-ch"]
[Site "Bucaramanga"]
[Date "2024.10.30"]
[Round "2"]
[White "Carrillo Parra, Miguel Alfredo"]
[Black "Soler Gonzalez, Juan Fernando"]
[Result "1-0"]
[WhiteElo "2199"]
[BlackElo "1956"]
[PlyCount "65"]
[EventDate "2024.10.29"]
[EventType "swiss"]
[EventRounds "9"]
[EventCountry "COL"]
[SourceTitle "CB45_2024"]
[Source "ChessBase"]
[SourceDate "2024.11.06"]
[SourceVersion "1"]
[SourceVersionDate "2024.11.06"]
[SourceQuality "1"]

1. d4 d5 2. c4 e6 3. Nc3 Nf6 4. cxd5 exd5 5. Bg5 c6 6. e3 Bd6 7. Bd3 0-0 8. Qc2 h6 9. Bh4 Re8 10. Nf3 Be6 11. Ne5 c5 12. 0-0 cxd4 13. exd4 Nc6 14. Nxc6 bxc6 15. h3 g5 16. Bg3 Nh5 17. Bxd6 Qxd6 18. Ne2 Nf4 19. Rad1 Rac8 20. Rfe1 c5 21. Nxf4 cxd4 22. Qa4 Qxf4 23. Bb5 Red8 24. Rxd4 Qc7 25. h4 Qb6 26. hxg5 Rc4 27. Rxc4 dxc4 28. Bxc4 Rd2 29. Re3 Qd4 30. Qe8+ Kh7 31. Bxe6 Rd1+ 32. Kh2 Qf4+ 33. Rg3 1-0

[Event "Bucaramanga Santander-ch"]
[Site "Bucaramanga"]
[Date "2024.10.29"]
[Round "1"]
[White "Soler Gonzalez, Juan Fernando"]
[Black "Brizuela Abreu, Ronald Jesus"]
[Result "1/2-1/2"]
[WhiteElo "1956"]
[BlackElo "2301"]
[PlyCount "51"]
[EventDate "2024.10.29"]
[EventType "swiss"]
[EventRounds "9"]
[EventCountry "COL"]
[SourceTitle "CB45_2024"]
[Source "ChessBase"]
[SourceDate "2024.11.06"]
[SourceVersion "1"]
[SourceVersionDate "2024.11.06"]
[SourceQuality "1"]

1. e4 e6 2. d4 d5 3. Nc3 Nf6 4. e5 Nfd7 5. f4 c5 6. Nf3 Nc6 7. Be3 cxd4 8. Nxd4 Nxd4 9. Bxd4 Nb8 10. Bd3 Nc6 11. Bf2 Qa5 12. 0-0 Bd7 13. a3 a6 14. Kh1 g6 15. Qf3 Be7 16. Nd1 0-0 17. Ne3 f6 18. Qg3 Be8 19. Rae1 Qd8 20. exf6 Bxf6 21. Ng4 Bd7 22. Ne5 Nxe5 23. fxe5 Bg7 24. Bc5 Rxf1+ 25. Rxf1 Rc8 26. Bd6 1/2-1/2

[Event "Bucaramanga Santander-chT"]
[Site "Bucaramanga"]
[Date "2024.08.19"]
[Round "6.1"]
[White "Soler Gonzalez, Juan Fernando"]
[Black "Carreno Poveda, Noah David"]
[Result "1-0"]
[WhiteElo "1930"]
[BlackElo "1637"]
[PlyCount "27"]
[EventDate "2024.08.17"]
[EventType "team-swiss"]
[EventRounds "6"]
[EventCountry "COL"]
[SourceTitle "EXT 2025"]
[Source "ChessBase"]
[SourceDate "2024.10.14"]
[SourceVersion "1"]
[SourceVersionDate "2024.10.14"]
[SourceQuality "1"]
[WhiteTeam "Carpe Diem"]
[BlackTeam "Pollitoschess"]
[WhiteTeamCountry "COL"]
[BlackTeamCountry "COL"]

1. e4 c5 2. Nf3 Nc6 3. d4 cxd4 4. Nxd4 e5 5. Nb5 d6 6. N1c3 a6 7. Na3 Nf6 8. Be3 d5 9. Nxd5 Nxd5 10. exd5 Bxa3 11. bxa3 Qa5+ 12. Qd2 Qxd2+ 13. Kxd2 Na5 14. Bb6 1-0

[Event "Bucaramanga Santander-chT"]
[Site "Bucaramanga"]
[Date "2024.08.18"]
[Round "3.1"]
[White "Sepulveda, Lyda Marcela"]
[Black "Soler Gonzalez, Juan Fernando"]
[Result "0-1"]
[WhiteElo "1617"]
[BlackElo "1930"]
[PlyCount "72"]
[EventDate "2024.08.17"]
[EventType "team-swiss"]
[EventRounds "6"]
[EventCountry "COL"]
[SourceTitle "EXT 2025"]
[Source "ChessBase"]
[SourceDate "2024.10.14"]
[SourceVersion "1"]
[SourceVersionDate "2024.10.14"]
[SourceQuality "1"]
[WhiteTeam "Mijail Tal"]
[BlackTeam "Carpe Diem"]
[WhiteTeamCountry "COL"]
[BlackTeamCountry "COL"]

1. e4 e6 2. d4 d5 3. Bd3 dxe4 4. Bxe4 Nf6 5. Bf3 c5 6. Ne2 Nc6 7. Be3 Nd5 8. Bxd5 Qxd5 9. 0-0 cxd4 10. Nxd4 Nxd4 11. Bxd4 b6 12. Nc3 Qc6 13. Qe2 Bc5 14. Bxc5 bxc5 15. Qb5 Bb7 16. Rad1 Ke7 17. Qxc6 Bxc6 18. Rfe1 Rhd8 19. f3 Rab8 20. b3 c4 21. Kf2 Rdc8 22. Ne2 Bd7 23. Nd4 g6 24. f4 Rc5 25. Re5 Rxe5 26. fxe5 a5 27. bxc4 Rc8 28. Rd2 Rxc4 29. Nb3 a4 30. Na5 Rc5 31. Nb7 Rxe5 32. Nd6 Rd5 33. Rxd5 exd5 34. Nb7 Bf5 35. c3 a3 36. Nc5 Bb1 0-1

[Event "Bucaramanga Santander-chT"]
[Site "Bucaramanga"]
[Date "2024.08.17"]
[Round "1.1"]
[White "Hernandez Fonseca, Maria Paula"]
[Black "Soler Gonzalez, Juan Fernando"]
[Result "0-1"]
[WhiteElo "2001"]
[BlackElo "1930"]
[PlyCount "58"]
[EventDate "2024.08.17"]
[EventType "team-swiss"]
[EventRounds "6"]
[EventCountry "COL"]
[SourceTitle "EXT 2025"]
[Source "ChessBase"]
[SourceDate "2024.10.14"]
[SourceVersion "1"]
[SourceVersionDate "2024.10.14"]
[SourceQuality "1"]
[WhiteTeam "F de Chessfy"]
[BlackTeam "Carpe Diem"]
[WhiteTeamCountry "COL"]
[BlackTeamCountry "COL"]

1. e4 e6 2. d4 d5 3. Nc3 Bb4 4. e5 c5 5. a3 Bxc3+ 6. bxc3 Ne7 7. Qg4 0-0 8. Bd3 Nbc6 9. Bg5 Qa5 10. Ne2 Ng6 11. Bd2 Qa4 12. f3 c4 13. Bxg6 fxg6 14. Ra2 Ne7 15. h4 h6 16. Nf4 Qe8 17. Rh3 Qf7 18. Rg3 Kh7 19. Rb2 b6 20. Kf2 Bd7 21. Rh3 Qf5 22. Qxf5 Nxf5 23. g3 Rac8 24. Rb4 Ne7 25. Rh1 Rf7 26. Ke2 Rcf8 27. Be3 Kg8 28. Rf1 Nf5 29. g4 Nxe3 0-1

[Event "COL-chT"]
[Site "Risaralda"]
[Date "2023.11.23"]
[Round "7.1"]
[White "Soler Gonzalez, Juan Fernando"]
[Black "Perez Giraldo, Jaime Alonso"]
[Result "1/2-1/2"]
[WhiteElo "1914"]
[BlackElo "1726"]
[PlyCount "97"]
[EventDate "2023.11.19"]
[EventType "team-swiss"]
[EventRounds "7"]
[EventCountry "COL"]
[SourceTitle "CBM 217 Extra"]
[Source "ChessBase"]
[SourceDate "2024.01.31"]
[SourceVersion "1"]
[SourceVersionDate "2024.01.31"]
[SourceQuality "1"]
[WhiteTeam "Casanare"]
[BlackTeam "Choco"]
[WhiteTeamCountry "COL"]
[BlackTeamCountry "COL"]

1. e4 e6 2. d4 d5 3. Nc3 Bb4 4. e5 c5 5. Bd2 Bxc3 6. Bxc3 cxd4 7. Bxd4 Nc6 8. f4 Nxd4 9. Qxd4 Ne7 10. 0-0-0 Qa5 11. Kb1 Nc6 12. Qe3 Bd7 13. Nf3 h6 14. Be2 0-0-0 15. c4 dxc4 16. Bxc4 Ne7 17. Rd3 Kb8 18. Ra3 Nf5 19. Qf2 Qb6 20. Qxb6 axb6 21. g4 Ne7 22. Nd4 Bc6 23. Nxc6+ bxc6 24. Rc3 Nd5 25. Bxd5 cxd5 26. f5 Rhe8 27. Rf1 Rd7 28. Rcf3 Kb7 29. fxe6 fxe6 30. Rf7 Ree7 31. Rxe7 Rxe7 32. Kc2 Kc6 33. Kd3 b5 34. h4 Ra7 35. b3 Rxa2 36. Rf7 g5 37. hxg5 hxg5 38. Rg7 Rg2 39. Rxg5 Kc5 40. Rg6 Rg3+ 41. Kc2 Kd4 42. Rxe6 Rg2+ 43. Kd1 Rxg4 44. Rb6 Kxe5 45. Rxb5 Rg2 46. Rb8 Kd4 47. Rh8 Kc3 48. Rh3+ Kb4 49. Rd3 1/2-1/2

[Event "COL-chT"]
[Site "Risaralda"]
[Date "2023.11.20"]
[Round "3.1"]
[White "Agudelo, Carlos Hernan"]
[Black "Soler Gonzalez, Juan Fernando"]
[Result "1-0"]
[WhiteElo "1914"]
[BlackElo "1914"]
[PlyCount "93"]
[EventDate "2023.11.19"]
[EventType "team-swiss"]
[EventRounds "7"]
[EventCountry "COL"]
[SourceTitle "CBM 217 Extra"]
[Source "ChessBase"]
[SourceDate "2024.01.31"]
[SourceVersion "1"]
[SourceVersionDate "2024.01.31"]
[SourceQuality "1"]
[WhiteTeam "Quindio"]
[BlackTeam "Casanare"]
[WhiteTeamCountry "COL"]
[BlackTeamCountry "COL"]

1. e4 e6 2. Qe2 c5 3. f4 Nc6 4. Nf3 g6 5. c3 Bg7 6. d3 Nge7 7. g3 0-0 8. Bg2 d5 9. e5 Nf5 10. 0-0 b6 11. Na3 f6 12. exf6 Qxf6 13. Nc2 Ba6 14. Ne3 Nxe3 15. Bxe3 Rfe8 16. Rae1 Rad8 17. Bc1 Qf5 18. Rd1 Qf6 19. Qc2 Qf7 20. Ng5 Qd7 21. Bh3 h6 22. Nf3 d4 23. c4 Nb4 24. Qb1 Bb7 25. a3 Nc6 26. Rde1 Qd6 27. Nd2 a5 28. Ne4 Qc7 29. Bd2 a4 30. Qd1 Ra8 31. Qg4 Kf7 32. Bg2 Ne7 33. Ng5+ hxg5 34. Qxe6+ Kf8 35. fxg5+ Nf5 36. Qxg6 Rxe1 37. Qxf5+ Kg8 38. Rxe1 Bxg2 39. Kxg2 Qc6+ 40. Qe4 Qxe4+ 41. Rxe4 b5 42. cxb5 Rb8 43. g6 Bf8 44. h4 Rxb5 45. Bc1 Rb6 46. h5 Rd6 47. Re8 1-0

[Event "COL Intercollegiate-ch"]
[Site "Manizales"]
[Date "2022.04.28"]
[Round "6.5"]
[White "Soler Gonzalez, Juan Fernando"]
[Black "Claro Molinares, Samuel David"]
[Result "1-0"]
[WhiteElo "1572"]
[BlackElo "1638"]
[PlyCount "73"]
[EventDate "2022.04.26"]
[EventType "swiss"]
[EventRounds "7"]
[EventCountry "COL"]
[SourceTitle "EXT 2023"]
[Source "ChessBase"]
[SourceDate "2022.10.05"]
[SourceVersion "1"]
[SourceVersionDate "2022.10.05"]
[SourceQuality "1"]

1. e4 c5 2. Nf3 d6 3. d4 cxd4 4. Nxd4 Nf6 5. Nc3 a6 6. h3 e5 7. Nde2 h5 8. g3 Be6 9. Bg2 Be7 10. 0-0 Qc7 11. Be3 Nbd7 12. a4 Rc8 13. Rc1 0-0 14. Nd5 Nxd5 15. exd5 Bf5 16. c4 Bg6 17. f4 exf4 18. Nxf4 Ne5 19. Bd4 h4 20. g4 Bh7 21. Rc3 Rfd8 22. b3 a5 23. Qe2 Re8 24. Re3 Bg5 25. c5 Bxf4 26. Rxf4 f6 27. cxd6 Qxd6 28. g5 Rc2 29. Qf1 Bd3 30. Qe1 Rec8 31. gxf6 Rc1 32. Bxe5 Rxe1+ 33. Rxe1 Qb6+ 34. Bd4 Qd6 35. Be5 Qb6+ 36. Kh2 Rf8 37. d6 1-0

[Event "COL-ch U1700"]
[Site "Pereira"]
[Date "2022.02.17"]
[Round "2"]
[White "Soler Gonzalez, Juan Fernando"]
[Black "Remicio Gomez, Joshua Santiago"]
[Result "1-0"]
[WhiteElo "1492"]
[BlackElo "1238"]
[PlyCount "65"]
[EventDate "2022.02.16"]
[EventType "swiss"]
[EventRounds "9"]
[EventCountry "COL"]
[SourceTitle "CBM 207 Extra"]
[Source "ChessBase"]
[SourceDate "2022.05.31"]
[SourceVersion "1"]
[SourceVersionDate "2022.05.31"]
[SourceQuality "1"]

1. e4 c5 2. Nf3 d6 3. d4 cxd4 4. Nxd4 Nf6 5. Nc3 a6 6. Be2 e6 7. Be3 Be7 8. Qd2 Qc7 9. 0-0-0 b5 10. a3 Bb7 11. f3 Nbd7 12. g4 Nb6 13. g5 Nfd7 14. Rhe1 Ne5 15. f4 Nec4 16. Bxc4 Nxc4 17. Qd3 Rc8 18. Bd2 0-0 19. h4 e5 20. Nf5 exf4 21. Bxf4 Rfd8 22. Nd5 Bxd5 23. exd5 Ne5 24. Bxe5 dxe5 25. c3 Bd6 26. h5 b4 27. axb4 Bxb4 28. d6 Qc5 29. Ne7+ Kh8 30. Nxc8 Qxc8 31. d7 Qc7 32. Kb1 Be7 33. Qf5 1-0